| 000 | 02237 a2200205 4500 | ||
|---|---|---|---|
| 001 | 26349 | ||
| 005 | 20260407155543.0 | ||
| 008 | 260407a1979 arg spa d | ||
| 003 | AR-UNSa-BCEJYS | ||
| 040 |
_aAR-UNSa-BCEJYS _bspa _cAR-UNSa-BCEJYS |
||
| 080 |
_a657.47 _xContabilidad de Costos |
||
| 245 | 1 | 0 | _aCostos |
| 264 | 1 |
_aBuenos Aires : _bEdiciones Contabilidad Moderna _c1979 |
|
| 300 |
_a862 p. _c23 cm. |
||
| 505 | _a1. Los diversos fines de la información contable - 2. Distintos conceptos de costo - 3. Conversión de los costos en gastos - 4. Costo de adquisición para información gerencial 5. Costo de adquisición para fines impositivos y de los estados contables de publicación - 6. A los efectos de la contabilidad gerencial - 7. A los efectos de los estados contables de publicación - 8. A los efectos impositivos - 9. Contabilización de las operaciones con bienes de cambio - 10. Definición de precio de compra. Distintos casos - 11. Tratamiento de los bienes de uso a los efectos impositivos y de los estados contables de publicación - 12. Tratamiento de los bienes de uso - 13. Los insumos de la producción fabril - 14. Las materias primas directas - 15. El trabajo directo - 16. Insumos variables diversos - 17. Costos indirectos - 18. Ejemplo práctico de contabilización y cálculo de costos fabriles - 19. Costos conjuntos y procesos alternativos - 20. Cuadros de resultados de distintas estructuras empresarias - 21. La información contable gerencial en la toma de decisiones - 22. Modelos decisionales, empresa simple, producto y canal de distribución únicos - 23. Modelos decisionales, empresa con producto único y canales de distribución múltiples - 24. Modelos decisionales, empresa con varios productos, planta fabril y canal de distribución únicos - 25. Modelos decisionales, empresas diversificadas y descentralizadas - 26. Administración racional de inventarios - 27. Costo de grandes obras - 28. Costos de industrias de servicio - 29. Costos de algunas industrias extractivas | ||
| 942 | _cBK | ||
| 590 | _aniveau_biblio:m niveau_hierar:0 | ||
| 100 | 1 | _aRaimondi, Carlos A. | |
| 856 | 4 | 1 |
_uhttps://biblioeco.unsa.edu.ar/pmb/images/libros/Costos-l28360.jpg _yImagen de portada _qimage/jpeg |
| 999 |
_c1455 _d1455 |
||